000
00232nam a22000857a 4500
008
161201b xxu||||| |||| 00| 0 eng d
100
_9
1679
_a
Mohanty,S
245
_a
Endless Worlds... Teacher's Copy
260
_a
New Delhi
_b
Frank Bros.
_c
2006
999
_c
4390
_d
4390